Madrid / (Record no. 74889)
[ view plain ]
| 000 -LEADER | |
|---|---|
| campo de control de longitud fija | 00579nam a2200193 i 4500 |
| 001 - NÚMERO DE CONTROL | |
| campo de control | 74889 |
| 003 - IDENTIFICADOR DE NÚMERO DE CONTROL | |
| campo de control | ES-MaACL |
| 005 - FECHA Y HORA DE LA ÚLTIMA TRANSACCIÓN | |
| campo de control | 20250627063637.0 |
| 007 - CAMPO FIJO DE DESCRIPCIÓN FÍSICA--INFORMACIÓN GENERAL | |
| campo de control de longitud fija | t| |
| 008 - DATOS DE LONGITUD FIJA--INFORMACIÓN GENERAL | |
| campo de control de longitud fija | 040921q1953 sp ||||1| spa d |
| 100 1# - ENTRADA PRINCIPAL--NOMBRE DE PERSONA | |
| Nombre de persona | González Ruiz, Nicolás, |
| Fechas asociadas al nombre | 1897-1967 |
| 9 (RLIN) | 58946 |
| 245 10 - MENCIÓN DEL TÍTULO | |
| Título | Madrid / |
| Mención de responsabilidad, etc. | por Nicolás González Ruiz. |
| 260 ## - PUBLICACIÓN, DISTRIBUCIÓN, ETC. | |
| Lugar de publicación, distribución, etc. | [Barcelona : |
| Nombre del editor, distribuidor, etc. | Cervantes, |
| Fecha de publicación, distribución, etc. | 1953?] |
| 300 ## - DESCRIPCIÓN FÍSICA | |
| Extensión | 24 h., 1 lám. : |
| Otras características físicas | il ; |
| Dimensiones | 24 cm. |
| 490 1# - MENCIÓN DE SERIE | |
| Mención de serie | Enciclopedia gráfica |
| 830 0# - PUNTO DE ACCESO ADICIONAL DE SERIE-TÍTULO UNIFORME | |
| Título uniforme | Enciclopedia gráfica |
| 9 (RLIN) | 231229 |
| 852 ## - LOCALIZACIÓN | |
| Ubicación | ES-MaACL |
| Número de control de estantería | 1973-F-2 |
| Sublocalización o colección | R.35570 |
| Estatus retirado | Estado de pérdida | Estado de daño | No para préstamo | Colección | Biblioteca de origen | Biblioteca actual | Ubicación en estantería | Fecha de adquisición | Fuente de adquisición | Total de préstamos | Signatura topográfica completa | Código de barras | Visto por última vez | Precio de reemplazo | Tipo de ítem Koha |
|---|---|---|---|---|---|---|---|---|---|---|---|---|---|---|---|
| Colección de folletos | Biblioteca del Ateneo de Madrid | Biblioteca del Ateneo de Madrid | Depósito folletos | 17/01/2008 | 1973-F-2 | 1078388 | 23/02/2023 | 23/02/2023 | Folleto |
